[Event "2nd China Binhai Open 2020"]
[Site "Tianjin"]
[Date "2020.01.17"]
[Round "7.6"]
[White "Wang, Shixu B"]
[Black "Zhai, Mo"]
[Result "1/2-1/2"]
[WhiteElo "2469"]
[BlackElo "2360"]
[Annotator "TA"]
[PlyCount "145"]
[EventDate "2020.01.13"]
[EventType "swiss"]
[EventCountry "CHN"]
[SourceTitle "playchess.com"]
[Source "ChessBase"]
[SourceQuality "1"]

{[%evp 13,145,0,22,0,18,0,25,16,20,18,32,40,52,46,48,44,33,39,42,27,32,8,10,-3,-4,-6,-2,-6,0,0,0,0,0,0,0,0,0,0,0,0,0,0,0,0,0,0,0,0,0,0,0,0,0,0,0,0,0,0,0,0,0,0,3,0,0,0,0,0,0,0,0,0,0,0,0,0,0,0,0,0,0,0,0,0,0,0,0,0,0,0,0,0,0,0,0,0,0,0,0,0,0,0,0,0,14,14,14,14,14,14,16,0,0,0,16,16,16,16,16,16,24,24,24,0,0,0,0,0,0,0,0,0,0,0]} 1. d4 Nf6 2. c4 e6 3. Nf3 d5 4. Nc3 c5 5. e3 Nc6 6. a3 a6 7. b3 Be7 8. Be2 {D40: Queen's Gambit Declined: Semi-Tarrasch with 5 e3} (8. Bb2 cxd4 9. exd4 O-O 10. Bd3 b6 11. O-O Bb7 12. Re1 h6 13. cxd5 exd5 14. Ne2 Bd6 15. Ng3 Re8 16. Ne5 Bxe5 17. dxe5 Nd7 18. f4 Nc5 19. Nf5 Re6 20. Nxg7 Kxg7 {1-0 (37) Korobov,A (2668)-Mamedov,R (2659) Moscow 2019}) 8... O-O 9. O-O b6 10. cxd5 $146 {White has an edge.} ({Predecessor:} 10. Bb2 Bb7 11. dxc5 bxc5 12. cxd5 exd5 13. Na4 Ne4 14. Rc1 Rc8 15. Nd2 Nxd2 16. Qxd2 {0-1 (62) Peng,Z (2443)-Hall,J (2489) Germany 2002}) 10... Nxd5 11. Nxd5 Qxd5 12. dxc5 Qxd1 13. Rxd1 Bxc5 14. b4 Be7 15. Bb2 Rd8 16. Nd4 Bb7 17. Rac1 Bf6 $1 18. Nxc6 Rxd1+ 19. Rxd1 {[#] Hoping for Bxf6.} Bxb2 20. Bf3 {aiming for Ne7+.} Bxc6 21. Bxc6 $11 {[%mdl 4096] Endgame KRB-KRB} Rc8 22. a4 g5 23. b5 axb5 24. axb5 Bf6 25. g4 Rd8 26. Rc1 Be7 27. Ra1 Bc5 28. Ra7 Kg7 29. Kg2 Kf6 30. Kf3 Rh8 31. Kg2 Rd8 32. Rb7 Rh8 33. h3 Rd8 34. Kg3 Kg6 35. h4 gxh4+ 36. Kxh4 h6 37. Kg3 Rh8 38. Kf4 Rd8 39. Be4+ Kf6 40. Kf3 Kg7 41. Ra7 Kf6 42. Ke2 Rg8 43. Bf3 Rd8 44. Bc6 Rg8 45. Kf3 Rd8 46. Ke4 Rg8 47. Kf3 Rd8 48. Ke2 Rg8 49. f3 h5 50. gxh5 Rh8 51. Rb7 Kg7 52. Bd7 {And now Bxe6 would win.} Kf6 53. f4 Rxh5 54. Be8 Rh3 55. Rxf7+ Kg6 56. Rc7+ Kf6 57. Rf7+ Kg6 58. Rd7+ Kf6 59. Rd3 e5 60. fxe5+ Kxe5 61. Bc6 Rh2+ 62. Kf3 Rh3+ 63. Ke2 Rh2+ 64. Kd1 Rb2 65. Rd5+ Ke6 66. e4 Be3 67. Bd7+ Ke7 68. Bf5 Bc5 {The position is equal.} 69. e5 Rxb5 70. Kc2 Ra5 71. Kd3 Bg1 72. Ke4 Rxd5 73. Kxd5 {Accuracy: White = 65%, Black = 90%.} 1/2-1/2

[Event "2nd China Binhai Open 2020"]
[Site "Tianjin"]
[Date "2020.01.17"]
[Round "7.7"]
[White "Kaiyrbekov, Rustam"]
[Black "Zhao, Yuanhe"]
[Result "1/2-1/2"]
[WhiteElo "2329"]
[BlackElo "2466"]
[Annotator "TA"]
[PlyCount "151"]
[EventDate "2020.01.13"]
[EventType "swiss"]
[EventCountry "CHN"]
[SourceTitle "playchess.com"]
[Source "ChessBase"]
[SourceQuality "1"]

{[%evp 17,151,0,8,0,47,47,45,32,53,28,32,-15,-4,-27,-31,-11,-19,-40,0,0,0,0,0,0,0,-28,0,-56,-37,-83,-105,-90,-86,-119,-119,-118,-118,-118,-118,-113,-112,-120,-112,-120,-111,-120,-106,-127,-112,-140,-52,-90,-35,-56,-43,-76,-47,-41,-52,-71,0,0,0,0,0,0,0,0,0,0,0,0,0,0,0,0,0,0,0,0,0,0,0,0,0,0,0,0,0,0,0,0,0,0,0,0,0,0,0,0,0,0,0,0,0,0,0,0,0,0,0,0,0,0,0,0,0,0,0,0,0,0,0,0,0,0,0,0,0,0,0,0,0,0,0,0]} 1. d4 Nf6 2. Nf3 g6 3. Bg5 Bg7 4. Nbd2 d5 5. e3 O-O 6. Bd3 c5 7. c3 b6 8. O-O Nc6 9. a3 Bb7 10. b4 {D03: 1 d4 d5 2 Nf3 Nf6 3 Bg5, including Torre Attack with early ...d5} a5 $146 ({Predecessor:} 10... Nd7 11. Bh4 Re8 12. Rb1 Qc8 13. bxc5 bxc5 14. Qa4 e5 15. e4 Nb6 16. Qb5 c4 17. Bc2 Ba6 {0-1 (17) Dvorak,J (2212)-Bernasek,J (2491) Czechia 2009}) 11. bxc5 bxc5 12. Rb1 {White is slightly better.} Qc8 13. Qb3 Ra7 14. Bxf6 Bxf6 15. Qb6 (15. Qxd5 $2 Nb4 $17) 15... c4 16. Bc2 Ba8 17. Ba4 Ra6 (17... e6 {is interesting.} 18. Qb2 Qc7 19. Qa2 Be7 20. Rfe1 Qd6) 18. Qc5 Na7 19. Qxc8 $1 Rxc8 20. Rb2 e6 21. Rfb1 Be7 22. Rb8 (22. Bd7 $11 Rd8 23. Rb8) 22... Bd6 $15 23. R8b6 Rxb6 24. Rxb6 Bc6 25. Bxc6 Rxc6 26. Rb7 Nc8 27. Nb1 Rb6 28. Rxb6 Nxb6 $17 {[%mdl 4096] Endgame KBN-KNN} 29. Kf1 f6 30. Ke2 g5 31. h3 h5 32. Ne1 Kf7 33. f3 e5 (33... Bg3 $17 34. e4 Kg6) 34. Nc2 Ke6 (34... e4 $17 35. fxe4 dxe4) 35. g4 hxg4 36. hxg4 e4 37. Nd2 $1 exf3+ 38. Kxf3 Na4 (38... f5 $17 39. gxf5+ Kxf5) 39. e4 $11 {The position is equal.} Nxc3 {[#] White must now prevent ...Bf4.} 40. exd5+ Kxd5 {aiming for ...Bc7.} 41. Ne3+ Kxd4 42. Nf5+ Kd5 43. Nxd6 Kxd6 44. Nxc4+ {[%mdl 64] [#] Double Attack. KN-KN} Kd5 45. Nxa5 Nb5 46. a4 Nc3 (46... Nd4+ {is more complex.} 47. Ke3 Nc2+ 48. Kd3 Ne1+ 49. Kc3 Nf3) 47. Nb3 Nxa4 48. Nd2 Nc5 49. Nf1 Kd4 50. Ng3 Nd7 51. Nf5+ Kd3 52. Nh6 Ne5+ 53. Kg3 Ke4 54. Ng8 Nd7 55. Nh6 Nb6 56. Ng8 Nd5 57. Nh6 Ne7 58. Nf7 Kd5 59. Nh6 Ke4 60. Nf7 Nc8 61. Nh6 $1 Nd6 {...Ke3 is the strong threat.} 62. Ng8 Ke5 63. Ne7 Nb5 64. Kf3 Ke6 65. Nf5 Nd6 66. Ng7+ Kf7 67. Nh5 Nc4 68. Kg2 Ne5 69. Kh3 $1 Nd3 {Hoping for ...Nf4+.} 70. Kg2 $1 Ke6 {Strongly threatening ...Nf4+.} 71. Kf3 Ke5 72. Ng7 Ne1+ 73. Kg3 Nc2 74. Kf3 Nd4+ 75. Kg3 Ke4 76. Nh5 {Accuracy: White = 62%, Black = 58%.} 1/2-1/2

[Event "2nd China Binhai Open 2020"]
[Site "Tianjin"]
[Date "2020.01.17"]
[Round "7.8"]
[White "Li, Shanglin"]
[Black "Zhang, Ziji"]
[Result "0-1"]
[WhiteElo "2166"]
[BlackElo "2432"]
[Annotator "TA"]
[PlyCount "58"]
[EventDate "2020.01.13"]
[EventType "swiss"]
[EventCountry "CHN"]
[SourceTitle "playchess.com"]
[Source "ChessBase"]
[SourceQuality "1"]

{[%evp 12,58,69,39,46,21,36,37,41,45,43,42,48,41,28,17,129,131,143,134,146,140,143,23,22,10,22,25,33,-60,-62,-89,-94,-97,-83,-89,-91,-241,-252,-283,-266,-534,-541,-530,-375,-373,-368,-369,-368]} 1. d4 d6 2. e4 Nf6 3. Nc3 g6 4. Bf4 Bg7 5. Qd2 Nc6 6. O-O-O O-O 7. Nf3 Bg4 {B08: Pirc Defence: Classical System} 8. Qe3 Qc8 (8... Nd7 9. Bg5 Qe8 10. Bh6 Bxf3 11. gxf3 e5 12. Bxg7 Kxg7 13. dxe5 Qxe5 14. Nd5 Nf6 15. Nxc7 {1-0 (48) Mamedov,R (2655)-Grischuk,A (2747) Almaty 2016}) 9. Bh6 $146 ({Predecessor:} 9. Bg5 Re8 10. Bb5 a6 11. Ba4 b5 12. Bb3 Na5 13. Bh6 Nxb3+ 14. axb3 Bh8 15. h3 Bxf3 16. gxf3 {0-1 (43) Breutigam,M (2383)-Moranda,W (2589) Germany 2018}) 9... e5 {And now ...exd4 would win.White is slightly better.} 10. Bxg7 Kxg7 11. dxe5 dxe5 12. Nd5 Bxf3 13. gxf3 Re8 (13... Rd8 $11 {remains equal.}) 14. h4 $16 Nxd5 15. exd5 Nd4 16. Bh3 $1 {[%cal Rh3c8]} Qd8 17. f4 (17. c3 $16) 17... Qxd5 $11 18. c3 {Hoping for fxe5.} Qc4 $1 19. fxe5 Ne6 {[#]} 20. Kb1 (20. h5 $1 $14 {[%mdl 512]} Qf4 (20... gxh5 21. Bxe6) 21. Rd7) 20... Rad8 $1 $40 {[%mdl 128] Black has some attack.} 21. h5 Qf4 22. h6+ {[#]} Kf8 $1 23. Rxd8 (23. Qxa7 $2 Qe4+ 24. Ka1 Ra8 $19) 23... Rxd8 24. Qe2 (24. Bxe6 $17 Qxe3 25. fxe3 fxe6 26. Rh4) 24... Rd2 $19 ({Less strong is} 24... Qxh6 25. Qe1 $17) 25. Qe1 Nc5 {White must now prevent ...Nd3!} ({Don't play} 25... Rxf2 26. Bxe6 fxe6 27. Ka1 $19) ({Resist} 25... Qxf2 26. Bxe6 Qxe1+ 27. Rxe1 $17) 26. e6 $2 {[#]} (26. Qe3 {was forced.} Qxe3 27. fxe3) 26... Rxb2+ $1 {[%mdl 512]} 27. Ka1 {intending e7+.} (27. Kxb2 Nd3+) 27... Qd2 28. Qxd2 Rxd2 29. exf7 Rxf2 {Accuracy: White = 43%, Black = 67%.} 0-1

[Event "2nd China Binhai Open 2020"]
[Site "Tianjin"]
[Date "2020.01.17"]
[Round "8.1"]
[White "Sethuraman, S.P."]
[Black "Zhou, Jianchao"]
[Result "1/2-1/2"]
[WhiteElo "2638"]
[BlackElo "2623"]
[Annotator "TA"]
[PlyCount "49"]
[EventDate "2020.01.13"]
[EventType "swiss"]
[EventCountry "CHN"]
[SourceTitle "playchess.com"]
[Source "ChessBase"]
[SourceQuality "1"]

{[%evp 14,49,27,41,20,16,25,0,16,0,0,0,15,0,9,0,0,0,0,0,22,0,0,0,0,0,0,-25,17,17,14,0,0,0,17,0,0,0]} 1. e4 c5 2. Nf3 d6 3. d4 cxd4 4. Nxd4 Nf6 5. Nc3 a6 6. h3 e6 7. g4 h6 8. Bg2 Be7 {B81: Sicilian Scheveningen: Keres Attack} 9. h4 (9. Qd3 Nc6 10. Nxc6 bxc6 11. e5 Nd5 12. exd6 Bxd6 13. Ne4 Bc7 14. c4 Nf4 15. Qxd8+ Kxd8 16. Kf1 {½-½ (45) Nepomniachtchi,I (2775)-Wojtaszek,R (2737) Dortmund 2019}) 9... Nc6 10. g5 hxg5 11. hxg5 Rxh1+ 12. Bxh1 Nh7 13. Nxc6 bxc6 14. Qh5 Nf8 15. Bd2 g6 16. Qh4 e5 $146 17. O-O-O Ne6 18. Rg1 Rb8 19. b3 Qb6 20. Bf3 a5 21. Na4 {The position is equal.} Qd4 {[%cal Rd4a1] [#]} 22. Bc3 Qa7 23. Bd2 Qd4 {[%cal Rd4a1]} 24. Bc3 Qa7 25. Bd2 {Accuracy: White = 79%, Black = 90%.} 1/2-1/2

[Event "2nd China Binhai Open 2020"]
[Site "Tianjin"]
[Date "2020.01.17"]
[Round "8.2"]
[White "Liu, Yan"]
[Black "Dai, Changren"]
[Result "1/2-1/2"]
[WhiteElo "2513"]
[BlackElo "2506"]
[Annotator "TA"]
[PlyCount "60"]
[EventDate "2020.01.13"]
[EventType "swiss"]
[EventCountry "CHN"]
[SourceTitle "playchess.com"]
[Source "ChessBase"]
[SourceQuality "1"]

{[%evp 16,60,24,4,8,15,17,0,0,0,14,29,21,-1,0,0,0,0,0,0,0,0,0,0,22,14,29,0,9,6,6,6,6,4,6,6,6,6,6,6,6,0,48,6,6,6,6]} 1. d4 Nf6 2. Nf3 e6 3. c4 d5 4. Nc3 Be7 5. Bg5 h6 6. Bxf6 Bxf6 7. e3 O-O 8. Rc1 a6 9. Bd3 dxc4 {D55: Queen's Gambit Declined: 4 Bg5 Be7: Lines without ...h6 and 6...h6 7 Bxf6} 10. Bxc4 Nd7 11. Ne4 (11. O-O b5 12. Bd3 c5 13. Ne4 cxd4 14. Nxf6+ Nxf6 15. Nxd4 Bb7 16. Be2 Qb6 17. Bf3 Rac8 18. Bxb7 Qxb7 19. Qb3 Nd5 20. a4 b4 21. a5 Rfd8 22. Rxc8 Rxc8 23. Qd3 Ne7 24. Nb3 Qc6 25. Rd1 g6 26. h3 Qc2 27. Qxc2 Rxc2 28. Rd2 Rxd2 {½-½ (28) Brink,B (2309)-Cheng,B (2453) Amsterdam 2017}) 11... Be7 12. O-O b5 13. Bd3 Bb7 14. a4 (14. a3 {with more complications.} f5 15. Ng3 c5 16. dxc5 Bxf3 17. gxf3 Nxc5 18. Be2) 14... bxa4 $146 ({Predecessor:} 14... Qb8 15. axb5 axb5 16. Bxb5 Bxe4 17. Bxd7 Qxb2 {0-1 (37) Green,D-Carbery,K ICCF email 2011}) 15. Qxa4 c5 16. dxc5 Nxc5 17. Nxc5 Bxc5 18. Be4 Bxe4 19. Qxe4 Be7 20. Ne5 Bf6 21. Rcd1 (21. Nc6 $5 {[%cal Rc6d8]} Qb6 22. b4 $11) 21... Qa5 22. Nd7 Rfd8 23. Nxf6+ gxf6 24. h3 Qe5 25. Qxe5 fxe5 26. Rxd8+ Rxd8 $11 {KR-KR} 27. Ra1 Rd6 28. Ra5 Rb6 29. g4 Rxb2 30. Rxa6 Kg7 {Accuracy: White = 62%, Black = 77%.} 1/2-1/2

[Event "2nd China Binhai Open 2020"]
[Site "Tianjin"]
[Date "2020.01.17"]
[Round "8.3"]
[White "Mi, Tenglong"]
[Black "Batchuluun, Tsegmed"]
[Result "0-1"]
[WhiteElo "1740"]
[BlackElo "2530"]
[Annotator "TA"]
[PlyCount "42"]
[EventDate "2020.01.13"]
[EventType "swiss"]
[EventCountry "CHN"]
[SourceTitle "playchess.com"]
[Source "ChessBase"]
[SourceQuality "1"]

{[%evp 9,68,-34,-31,-47,-18,-22,-30,-109,-92,-84,-80,-87,-85,-137,-120,-110,-104,-104,-108,-142,-117,-157,-169,-228,-227,-334,-317,-459,-445,-553,-400,-527,-521,-491,-437,-573,-532,-670,-431,-465,-422,-745,-695,-748,-565,-550,-558,-526,-529,-654,-318,-431,-416,-707,-701,-694,-689,-675,-684,-5273,-5243]} 1. e4 e5 2. f4 d5 3. exd5 exf4 (3... e4 4. Nc3 Nf6 5. d3 Bb4 6. Bd2 e3 7. Bxe3 O-O 8. Be2 Nxd5 9. Bd2 Bxc3 10. bxc3 Qf6 11. c4 Nxf4 12. Bxf4 Qxf4 13. Nf3 Nc6 14. Qd2 Qd6 15. d4 Bg4 {½-½ (92) Rapport,R (2739)-Bu,X (2722) Hengshui 2019}) 4. Bb5+ c6 5. dxc6 Nxc6 6. Bxc6+ {C31: Falkbeer Counter Gambit: 3 exd5 c6 and 3...e4 sidelines.} bxc6 7. Qe2+ Be7 8. Nf3 (8. b3 $11) 8... Nf6 9. d4 O-O 10. O-O Bd6 $146 {[%mdl 2048] Black is really pushing.} ({Predecessor:} 10... Re8 11. Bxf4 {1-0 (71) Bostl,F (2199)-Kozak,M (2148) Czech Republic 2016}) 11. c4 (11. Qd3 $142) 11... Re8 $17 12. Qd3 Bg4 13. Nc3 Qd7 14. Nh4 g5 15. Nf3 h6 16. h4 (16. Rd1 {was necessary.}) 16... Bxf3 $19 17. Qxf3 (17. Rxf3 $142 Rad8 18. Bd2) 17... Bc7 18. Rd1 (18. d5 {keeps fighting.} cxd5 19. Nxd5 Nxd5 20. cxd5) 18... Rad8 19. b4 Qe6 20. Qd3 {[#]} Be5 $1 {[%mdl 512]} 21. Ne2 (21. dxe5 Rxd3) 21... Ng4 {Played: Be5-d6} 0-1

[Event "2nd China Binhai Open 2020"]
[Site "Tianjin"]
[Date "2020.01.17"]
[Round "8.4"]
[White "Peng, Xiongjian"]
[Black "Huang, Renjie"]
[Result "1/2-1/2"]
[WhiteElo "2489"]
[BlackElo "2416"]
[Annotator "TA"]
[PlyCount "65"]
[EventDate "2020.01.13"]
[EventType "swiss"]
[EventCountry "CHN"]
[SourceTitle "playchess.com"]
[Source "ChessBase"]
[SourceQuality "1"]

{[%evp 20,65,29,18,56,53,58,21,40,6,25,23,23,0,0,0,0,-111,-113,-135,-66,-62,-78,-58,-74,-82,-20,-8,0,0,0,-13,0,-27,-43,-41,-36,-108,-83,-83,-87,-75,-68,-68,-79,-75,-56,-118]} 1. d4 Nf6 2. c4 e6 3. Nc3 d5 4. cxd5 exd5 5. Bg5 c6 6. e3 Be7 7. Bd3 Nbd7 8. Nf3 Nh5 9. Bxe7 Qxe7 10. Qc2 g6 11. O-O-O O-O {D36: Queen's Gambit Declined: Exchange Variation: Main line (5 Bg5 c6 6 Qc2)} 12. g4 Nhf6 13. Rdg1 b5 $146 {[%cal Bb7b5,Bb5b4][%mdl 32] The position is equal.} ({Predecessor:} 13... Re8 14. h4 Ne4 15. Bxe4 dxe4 16. Nd2 Nf6 17. g5 Nd5 18. Ndxe4 Bf5 19. Nf6+ Qxf6 20. gxf6 Bxc2 21. Nxd5 cxd5 22. Kxc2 {½-½ (66) Macieja,B (2550)-Ikeda,J (2415) chess.com INT 2018}) 14. h4 b4 15. Na4 Bb7 16. g5 Ne4 17. Kb1 c5 18. dxc5 (18. h5 $11 {remains equal.}) 18... Bc6 $1 $17 {[%cal Rc6a4] And now ...Bxa4 would win.} 19. Bxe4 Bxa4 ({Black should play} 19... Qxe4 $17 20. Nd4 Bxa4) 20. Qxa4 $15 Qxe4+ {[%mdl 64] Double Attack} 21. Ka1 Nxc5 22. Qd1 {[#]} Nd3 (22... a5 $1 $17) 23. Qe2 $11 Nf4 24. Qd1 {Threatens to win with Rg4.} Nd3 25. Qe2 Nf4 $36 {[%mdl 2048] Black has good play.} 26. Qd2 Qxf3 27. exf4 Rfe8 28. Re1 ({Better is} 28. Qxb4 $15 Rab8 29. Qc3 Qxc3 30. bxc3) 28... Rac8 29. Qxb4 {[#]} Re4 $1 {[%cal Re4b4]} 30. Qd2 Qxf4 31. Qxf4 Rxf4 32. Rh2 Rc2 33. a3 {Accuracy: White = 49%, Black = 63%.} (33. Kb1 $15 Rd2 34. Kc1) 1/2-1/2

[Event "2nd China Binhai Open 2020"]
[Site "Tianjin"]
[Date "2020.01.17"]
[Round "8.5"]
[White "Xiang, Zeyu"]
[Black "Liu, Guanchu"]
[Result "1/2-1/2"]
[WhiteElo "2436"]
[BlackElo "2427"]
[Annotator "TA"]
[PlyCount "60"]
[EventDate "2020.01.13"]
[EventType "swiss"]
[EventCountry "CHN"]
[SourceTitle "playchess.com"]
[Source "ChessBase"]
[SourceQuality "1"]

{[%evp 20,60,17,18,21,18,15,4,21,0,8,0,0,0,0,0,9,10,15,16,16,16,16,16,16,14,11,12,21,21,20,0,7,0,0,0,0,0,0,0,0,0,0]} 1. d4 e6 2. c4 Nf6 3. Nf3 b6 4. g3 Ba6 5. b3 Bb4+ 6. Bd2 Be7 7. Bg2 c6 8. O-O d5 9. Bc3 Nbd7 10. Nbd2 O-O 11. Re1 {The position is equal.} dxc4 {E15: Queen's Indian: 4 g3 sidelines, 4 g3 Ba6 and 4 g3 Bb7 early deviations} (11... c5 12. cxd5 Nxd5 13. Bb2 Rc8 14. Rc1 b5 15. dxc5 Nxc5 16. a3 b4 17. axb4 Nxb4 18. Bd4 Bb5 19. Rc3 Nd5 20. Rc2 Nb4 21. Rc3 Nd5 22. Rc2 Nb4 23. Rc3 {½-½ (23) Shankland,S (2731)-Navara,D (2739) Prague 2019}) 12. bxc4 c5 $1 13. e3 $146 ({Predecessor:} 13. e4 cxd4 14. Nxd4 Ne5 15. Nxe6 fxe6 16. Bxe5 Bc5 17. Rf1 Qd3 18. Bf4 Bxc4 19. Nxc4 Qxc4 20. Qb3 Qxb3 21. axb3 e5 22. Bxe5 Ng4 23. Bf4 Nxf2 24. e5 Rad8 25. Rxf2 g5 26. Kh1 Bd4 27. Raf1 gxf4 {½-½ (27) Nittel,C (1875)-Rogers,D ICCF email 2015}) 13... Qc7 14. Ne5 Bb7 15. Nxd7 Qxd7 16. Bxb7 Qxb7 17. dxc5 bxc5 18. Rb1 Qc7 19. Qf3 Rab8 20. Rb3 Nd7 21. Reb1 Rxb3 22. Rxb3 {next Rb7 is good for White.} Rb8 23. Rxb8+ $40 {[%mdl 128] White is up to no good.} Qxb8 24. Qc6 Nb6 25. a4 Qc8 26. Qb5 Nd7 $1 27. h4 h6 28. Qb2 Bf6 29. Bxf6 Nxf6 30. Kf1 Qc7 {Accuracy: White = 63%, Black = 81%.} 1/2-1/2

[Event "2nd China Binhai Open 2020"]
[Site "Tianjin"]
[Date "2020.01.17"]
[Round "8.7"]
[White "Xi, Qi"]
[Black "Wang, Shixu B"]
[Result "1/2-1/2"]
[WhiteElo "2261"]
[BlackElo "2469"]
[Annotator "ChessBase"]
[PlyCount "61"]
[EventDate "2020.01.13"]
[EventType "swiss"]
[EventCountry "CHN"]
[SourceTitle "playchess.com"]
[Source "ChessBase"]
[SourceQuality "1"]
[TimeControl "5400+30"]

1. d4 {[%emt 0:00:00]} Nf6 {[%emt 0:00:03]} 2. c4 {[%emt 0:00:00]} e6 {[%emt 0:00:04]} 3. Nc3 {[%emt 0:00:00]} Bb4 {[%emt 0:00:04]} 4. Qc2 {[%emt 0:00:00]} d6 {[%emt 0:00:11]} 5. Nf3 {[%emt 0:00:06]} Nbd7 {[%emt 0:00:06]} 6. Bd2 {[%emt 0:00:24]} c5 {[%emt 0:00:09]} 7. dxc5 {[%emt 0:08:00]} Nxc5 {[%emt 0:00:48]} 8. e3 {[%emt 0:00:35]} O-O {[%emt 0:00:28]} 9. Be2 {[%emt 0:02:17]} b6 {[%emt 0:00:25]} 10. O-O {[%emt 0:00:33]} Bb7 {[%emt 0:00:18]} 11. a3 {[%emt 0:02:28]} Bxc3 {[%emt 0:00:06]} 12. Bxc3 {[%emt 0:00:03]} Nce4 {[%emt 0:02:35]} 13. Rfd1 {[%emt 0:00:59]} Rc8 {[%emt 0:01:24]} 14. Rac1 {[%emt 0:04:05]} Qe7 {[%emt 0:03:50]} 15. Be1 {[%emt 0:08:18]} e5 {[%emt 0:02:04]} 16. b4 {[%emt 0:02:12]} Rfd8 {[%emt 0:04:34]} 17. Qb2 {[%emt 0:01:44]} Qe6 {[%emt 0:00:19]} 18. c5 {[%emt 0:17:25]} bxc5 {[%emt 0:30:18]} 19. bxc5 {[%emt 0:00:07]} Rb8 {[%emt 0:00:45]} 20. cxd6 {[%emt 0:01:16]} Nxf2 {[%emt 0:04:30]} 21. Qxe5 {[%emt 0:17:30]} Nxd1 {[%emt 0:13:27]} 22. Qxe6 {[%emt 0:00:19]} fxe6 {[%emt 0:00:05]} 23. Rxd1 {[%emt 0:00:06]} Bd5 {[%emt 0:06:10]} 24. Ba5 {[%emt 0:05:09]} Rxd6 {[%emt 0:00:46]} 25. Bc7 {[%emt 0:00:09]} Rb2 {[%emt 0:09:44]} 26. Bxd6 {[%emt 0:00:18]} Rxe2 {[%emt 0:00:03]} 27. Bc5 {[%emt 0:03:50]} a5 {[%emt 0:01:52]} 28. Rd2 {[%emt 0:02:10]} Rxd2 {[%emt 0:04:08]} 29. Nxd2 {[%emt 0:00:01]} Ne4 {[%emt 0:00:09]} 30. Nxe4 {[%emt 0:00:05]} Bxe4 {[%emt 0:00:03]} 31. Kf2 {[%emt 0:00:05]} 1/2-1/2

[Event "2nd China Binhai Open 2020"]
[Site "Tianjin"]
[Date "2020.01.17"]
[Round "8.8"]
[White "Zhao, Yuanhe"]
[Black "Li, Bo"]
[Result "1-0"]
[WhiteElo "2466"]
[BlackElo "2312"]
[Annotator "ChessBase"]
[PlyCount "149"]
[EventDate "2020.01.13"]
[EventType "swiss"]
[EventCountry "CHN"]
[SourceTitle "playchess.com"]
[Source "ChessBase"]
[SourceQuality "1"]
[TimeControl "5400+30"]

1. Nf3 {[%emt 0:04:53]} Nf6 {[%emt 0:01:32]} 2. g3 {[%emt 0:00:04]} b6 {[%emt 0:06:39]} 3. Bg2 {[%emt 0:00:08]} Bb7 {[%emt 0:00:12]} 4. O-O {[%emt 0:00:06]} e6 {[%emt 0:02:15]} 5. c4 {[%emt 0:00:07]} Be7 {[%emt 0:02:52]} 6. Nc3 {[%emt 0:00:08]} c5 {[%emt 0:08:53]} 7. d4 {[%emt 0:05:24]} cxd4 {[%emt 0:01:17]} 8. Qxd4 {[%emt 0:00:12]} Nc6 {[%emt 0:01:36]} 9. Qd3 {[%emt 0:04:22]} O-O {[%emt 0:02:38]} 10. e4 {[%emt 0:00:32]} d6 {[%emt 0:03:09]} 11. Bf4 {[%emt 0:02:09]} Ng4 {[%emt 0:11:18]} 12. Rfd1 {[%emt 0:02:51]} Nge5 {[%emt 0:02:02]} 13. Qe2 {[%emt 0:00:12]} Qc8 {[%emt 0:03:49]} 14. b3 {[%emt 0:03:41]} Rd8 {[%emt 0:02:06]} 15. Rac1 {[%emt 0:00:51]} Rd7 {[%emt 0:02:48]} 16. Ne1 {[%emt 0:02:31]} Qf8 {[%emt 0:05:53]} 17. Rd2 {[%emt 0:03:55]} Rdd8 {[%emt 0:02:24]} 18. Rcd1 {[%emt 0:00:53]} Rac8 {[%emt 0:02:08]} 19. Nc2 {[%emt 0:02:19]} Ba6 {[%emt 0:02:13]} 20. Be3 {[%emt 0:01:58]} Na5 {[%emt 0:03:07]} 21. Nb5 {[%emt 0:08:34]} Rd7 {[%emt 0:09:36]} 22. Nb4 {[%emt 0:10:54]} Bxb5 {[%emt 0:01:15]} 23. cxb5 {[%emt 0:00:06]} Rdc7 {[%emt 0:01:19]} 24. Na6 {[%emt 0:01:19]} Rc3 {[%emt 0:01:42]} 25. h3 {[%emt 0:05:08]} Nd7 {[%emt 0:01:40]} 26. Kh2 {[%emt 0:00:44]} Nb8 {[%emt 0:02:50]} 27. Bd4 {[%emt 0:03:04]} Rc1 {[%emt 0:00:48]} 28. Nxb8 {[%emt 0:02:53]} Rxd1 {[%emt 0:00:24]} 29. Rxd1 {[%emt 0:00:08]} Rxb8 {[%emt 0:00:17]} 30. b4 {[%emt 0:00:07]} Nb7 {[%emt 0:01:18]} 31. Rc1 {[%emt 0:00:06]} Qd8 {[%emt 0:01:55]} 32. a4 {[%emt 0:01:05]} g6 {[%emt 0:02:00]} 33. Qb2 {[%emt 0:03:03]} Qd7 {[%emt 0:01:56]} 34. Qc3 {[%emt 0:00:46]} e5 {[%emt 0:03:07]} 35. Be3 {[%emt 0:00:10]} Nd8 {[%emt 0:00:09]} 36. h4 {[%emt 0:01:20]} Ne6 {[%emt 0:00:35]} 37. Bh3 {[%emt 0:01:06]} h5 {[%emt 0:00:46]} 38. Qc4 {[%emt 0:00:57]} Rd8 {[%emt 0:01:07]} 39. Qd5 {[%emt 0:01:08]} Bf6 {[%emt 0:00:54]} 40. a5 {[%emt 0:01:24]} Rb8 {[%emt 0:01:07]} 41. Rc6 {[%emt 0:01:02]} Qe8 {[%emt 0:02:22]} 42. axb6 {[%emt 0:01:12]} axb6 {[%emt 0:00:01]} 43. Bxe6 {[%emt 0:03:48]} Qxe6 {[%emt 0:01:33]} 44. Qxe6 {[%emt 0:00:03]} fxe6 {[%emt 0:00:16]} 45. Rxd6 {[%emt 0:00:04]} Kf7 {[%emt 0:00:33]} 46. Rxb6 {[%emt 0:00:03]} Rxb6 {[%emt 0:00:48]} 47. Bxb6 {[%emt 0:00:04]} Ke8 {[%emt 0:00:19]} 48. Kg2 {[%emt 0:00:18]} Kd7 {[%emt 0:00:28]} 49. Kf3 {[%emt 0:00:11]} Kc8 {[%emt 0:00:27]} 50. Ke2 {[%emt 0:00:28]} Kb7 {[%emt 0:00:39]} 51. Bc5 {[%emt 0:00:03]} Bd8 {[%emt 0:00:50]} 52. Kd3 {[%emt 0:00:28]} Bf6 {[%emt 0:00:25]} 53. Kc4 {[%emt 0:00:13]} Kc7 {[%emt 0:01:16]} 54. Bf8 {[%emt 0:00:15]} Kb6 {[%emt 0:00:36]} 55. Bd6 {[%emt 0:00:04]} Bg7 {[%emt 0:00:58]} 56. Be7 {[%emt 0:00:05]} Bh6 {[%emt 0:01:04]} 57. Bf6 {[%emt 0:00:08]} Bd2 {[%emt 0:00:21]} 58. Bxe5 {[%emt 0:00:07]} Be1 {[%emt 0:00:09]} 59. Bc3 {[%emt 0:00:08]} Bxf2 {[%emt 0:00:25]} 60. Bd4+ {[%emt 0:00:03]} Bxd4 {[%emt 0:00:10]} 61. Kxd4 {[%emt 0:00:03]} Kxb5 {[%emt 0:00:12]} 62. Ke5 {[%emt 0:00:03]} Kxb4 {[%emt 0:00:09]} 63. Kxe6 {[%emt 0:00:03]} Kc5 {[%emt 0:00:09]} 64. Kf6 {[%emt 0:00:05]} Kd4 {[%emt 0:00:11]} 65. e5 {[%emt 0:00:03]} Ke4 {[%emt 0:00:12]} 66. e6 {[%emt 0:00:03]} Kf3 {[%emt 0:00:09]} 67. e7 {[%emt 0:00:03]} Kxg3 {[%emt 0:00:11]} 68. e8=Q {[%emt 0:00:06]} Kxh4 {[%emt 0:00:06]} 69. Qxg6 {[%emt 0:00:06]} Kh3 {[%emt 0:00:20]} 70. Kf5 {[%emt 0:00:03]} h4 {[%emt 0:00:24]} 71. Kf4 {[%emt 0:00:02]} Kh2 {[%emt 0:00:22]} 72. Kf3 {[%emt 0:00:02]} h3 {[%emt 0:00:13]} 73. Qg3+ {[%emt 0:00:03]} Kh1 {[%emt 0:00:10]} 74. Qxh3+ {[%emt 0:00:02]} Kg1 {[%emt 0:00:19]} 75. Qg2# {[%emt 0:00:03]} 1-0